| 000 | 00935nam a2200277 i 4500 | ||
|---|---|---|---|
| 001 | 103733 | ||
| 003 | ES-MaBCM | ||
| 005 | 20241016135852.0 | ||
| 008 | 041216s1978 bel 000 0 fre d | ||
| 020 | _a2-8027-0217-3 | ||
| 021 | _axx | ||
| 035 | _a(OCoLC)1365266891 | ||
| 040 | _cES-MaBCM | ||
| 041 | 0 | _afre | |
| 043 | _abel | ||
| 100 | 1 |
_aAyberk, Ural _92843 |
|
| 245 | 1 | 0 |
_aLe mécanisme de la prise des décisions communautaires en matière de relations internationales _cpar Ural Ayberk ; avant-propos de Daniel Vignes et préface de Dusan Sidjanski |
| 260 |
_aBruxelles : _bÉtablissements Émile Bruylant, _c1978 |
||
| 300 |
_a380 p. _c24 cm |
||
| 440 | 0 |
_aOrganisation internationales et relations internationales _9104508 |
|
| 610 | 2 | 7 |
_aComunidad Económica Europea _2 _950988 |
| 650 | 2 | 7 |
_aRelación internacional _960079 |
| 700 | 1 |
_aVignes, Daniel _948404 |
|
| 700 | 1 |
_aSidjanski, Dusan _944022 |
|
| 942 | _cBK | ||
| 999 |
_c103733 _d103733 |
||